Tiere, die mit B beginnen - Statistiken

Allgemein
  • Dieses Quiz wurde 193 mal gespielt
  • Das Durchschnittsergebnis liegt bei 11 aus 20
Antwortstatistiken
Hinweis Antwort % Korrekt
Honigmacher Biene
100%
Es könnte ein z.B. ein Grizzly oder Polar sein Bär
96%
Nagetier mit beeindruckenden Baukünsten Biber
94%
Größtes und schwerstes Tier der Welt Blauwal
84%
Unterart vom obigen Tier Braunbär
75%
Süßwasserfisch, oft geangelt Barsch
70%
Großes, kräftiges Wildtier, das in Nordamerika beheimatet ist und oft mit den Prärien assoziiert wird Bison
70%
Kleiner blauer Gartenvogel Blaumeise
70%
Specht mit rotem Kopf und schwarzem Gefieder Buntspecht
65%
Massives Herdentier mit Hörnern Büffel
56%
Greifvogel, kreist oft über Feldern Bussard
56%
Großer Lawinenhund mit Fass am Hals Bernhardiner
55%
Naher Verwandter des Schimpansen Bonobo
51%
Kräftige Hunderasse, oft mit faltigem Gesicht Bulldogge
49%
Gefährliche Giftschlange mit typischem Muster um die Augen Brillenschlange
28%
Vogel, der das obige Tier im Namen hat Bienenfresser
27%
Langer, silbriger Fisch mit scharfen Zähnen Barrakuda
20%
Insekt, das sich von schlafenden Menschen ernährt Bettwanze
20%
Schwarz-weißer Singvogel, wippt mit dem Schwanz Bachstelze
9%
Bunter Aquarienfisch aus Afrika Buntbarsch
8%
Keine übereinstimmenden Quizze gefunden
Verteilung der Resultate
Anzahl Personen mit jedem Resultat
Perzentil nach korrekt beantworteten Fragen
Ihre Resultats-Entwicklung
Sie haben dieses Quiz noch nicht gespielt